Zwycięzcy Pucharu Świata w skokach narciarskich A-Z - Statystyki

Ogólne statystyki
  • Ten quiz został rozwiązany 141 razy
  • Średni wynik to 9 z 13
Statystyki odpowiedzi
Litera Skoczek % Poprawnych
S Martin Schmitt | Gregor Schlierenzauer | Kamil Stoch
97%
M Adam Małysz | Thomas Morgenstern
94%
K Armin Kogler | Ryoyu Kobayashi | Stefan Kraft
94%
P Primož Peterka | Peter Prevc
92%
A Janne Ahonen | Simon Ammann
91%
G Andreas Goldberger | Halvor Egner Granerud
76%
N Hubert Neuper | Matti Nykänen | Ari-Pekka Nikkola | Toni Nieminen
73%
B Jan Boklöv | Espen Bredesen | Anders Bardal
66%
F Andreas Felder | Severin Freund
65%
J Jakub Janda
56%
T Daniel Tschofenig
47%
W Jens Weissflog
46%
O Vegaard Opaas
27%
Nie znaleziono quizów pasujących do podanych kryteriów
Rozkład punktacji
Procent ludzi z każdym wynikiem
Percentyl według liczby udzielonych odpowiedzi
Twoja historia wyników
Nie rozwiązałeś tego quizu